[Event "HUN-chT2 Toth 1415"]
[Site "Hungary"]
[Date "2015.03.22"]
[Round "10.3"]
[White "Olah, Gabor Mihaly"]
[Black "Pal, Imre"]
[Result "1/2-1/2"]
[WhiteElo "2008"]
[BlackElo "2141"]
[PlyCount "124"]
[EventDate "2014.09.07"]
[EventType "team-tourn"]
[EventRounds "11"]
[EventCountry "HUN"]
[SourceTitle "EXT 2016"]
[Source "ChessBase"]
[SourceDate "2015.10.08"]
[SourceVersion "1"]
[SourceVersionDate "2015.10.08"]
[SourceQuality "1"]
[WhiteTeam "Bekes"]
[BlackTeam "Toth Laszlo"]
[WhiteTeamCountry "HUN"]
[BlackTeamCountry "HUN"]

1. d4 d5 2. c4 e6 3. Nc3 c6 4. Nf3 dxc4 5. a4 Bb4 6. e3 b5 7. Ne5 Nf6 8. axb5 cxb5 9. Qf3 Qd5 10. Be2 Bb7 11. 0-0 Bxc3 12. bxc3 Qxf3 13. Bxf3 Bxf3 14. Nxf3 0-0 15. Ba3 Rc8 16. Nd2 Nd5 17. Ne4 Nc6 18. Rfc1 Na5 19. Nd6 Nb3 20. Nxc8 Rxc8 21. Rab1 Nxc1 22. Rxc1 f5 23. Kf1 Kf7 24. Ke2 a6 25. Kd2 Rc6 26. g3 Ke8 27. f3 Kd7 28. Bf8 g6 29. Ba3 Kc7 30. h3 Kb7 31. e4 Nb6 32. g4 Rc7 33. h4 Rf7 34. Ke3 fxg4 35. fxg4 Kc6 36. Rd1 a5 37. h5 Na4 38. hxg6 hxg6 39. d5+ exd5 40. exd5+ Kd7 41. Rc1 Rf6 42. Rc2 Rf1 43. Ke4 Ra1 44. Bf8 Re1+ 45. Kd4 Rf1 46. Bh6 Kd6 47. Re2 Rd1+ 48. Rd2 Rxd2+ 49. Bxd2 Nb2 50. Bf4+ Kd7 51. Bh6 Nd3 52. Bf8 Ke8 53. Bd6 Kd7 54. Bf8 Ke8 55. Bd6 Kf7 56. g5 Ke8 57. Bc7 a4 58. Bd6 Kd7 59. Bf8 Ke8 60. Ba3 Kd7 61. Bf8 Ke8 62. Ba3 Kd7 1/2-1/2

[Event "HUN-chT2 Toth 1112"]
[Site "Hungary"]
[Date "2012.03.25"]
[Round "8.6"]
[White "Andriska, Zsolt"]
[Black "Pal, Imre"]
[Result "1/2-1/2"]
[WhiteElo "2023"]
[BlackElo "2155"]
[PlyCount "93"]
[EventDate "2011.09.25"]
[EventType "team-tourn"]
[EventRounds "11"]
[EventCountry "HUN"]
[SourceTitle "EXT 2013"]
[Source "ChessBase"]
[SourceDate "2012.11.22"]
[SourceVersion "1"]
[SourceVersionDate "2012.11.22"]
[SourceQuality "1"]
[WhiteTeam "KHTK"]
[BlackTeam "Toth Laszlo"]
[WhiteTeamCountry "HUN"]
[BlackTeamCountry "HUN"]

1. e4 c5 2. Nf3 Nc6 3. c3 d5 4. d3 dxe4 5. dxe4 Qxd1+ 6. Kxd1 Bg4 7. Be3 0-0-0+ 8. Nbd2 Nf6 9. Kc2 e6 10. Bb5 Nb8 11. Ne5 Bh5 12. f3 Nfd7 13. Nxd7 Nxd7 14. Nb3 b6 15. Bf4 Nb8 16. a4 a5 17. Rad1 Be7 18. Nd2 Kb7 19. Nc4 Nc6 20. Rxd8 Rxd8 21. Rd1 Rxd1 22. Kxd1 f6 23. Bd6 Bxd6 24. Nxd6+ Kc7 25. Bxc6 Kxc6 26. Nb5 Bf7 27. c4 Be8 28. b3 Bd7 29. Ke2 g5 30. Ke3 Be8 31. f4 Bh5 32. Nc3 Bg6 33. g4 gxf4+ 34. Kxf4 Kd6 35. h4 h6 36. Nb5+ Ke7 37. Na7 Kd7 38. Nb5 Ke7 39. Nc3 Kd6 40. Nd1 Ke7 41. Ne3 Kd6 42. Ng2 Ke7 43. Ne1 Kd6 44. Nf3 Ke7 45. e5 Bc2 46. Nd2 Kf7 47. exf6 1/2-1/2

[Event "HUN-chT2 Erkel 1011"]
[Site "Hungary"]
[Date "2011.04.10"]
[Round "8.4"]
[White "Pal, Imre"]
[Black "Lovas, Zsolt"]
[Result "1-0"]
[WhiteElo "2136"]
[BlackElo "2039"]
[PlyCount "51"]
[EventDate "2010.09.12"]
[EventType "team-tourn"]
[EventRounds "11"]
[EventCountry "HUN"]
[SourceTitle "EXT 2012"]
[Source "ChessBase"]
[SourceDate "2011.11.24"]
[SourceVersion "1"]
[SourceVersionDate "2011.11.24"]
[SourceQuality "1"]
[WhiteTeam "Toth Laszlo"]
[BlackTeam "Honved"]
[WhiteTeamCountry "HUN"]
[BlackTeamCountry "HUN"]

1. e4 c6 2. d4 d5 3. exd5 cxd5 4. c4 Nf6 5. Nc3 e6 6. Nf3 Be7 7. Bd3 0-0 8. 0-0 b6 9. cxd5 Nxd5 10. Nxd5 exd5 11. h3 Bb7 12. Ne5 Nd7 13. Bf4 Nf6 14. Rc1 Bd6 15. Re1 a5 16. Bg5 Re8 17. Bb5 Re6 18. Bd7 Rxe5 19. dxe5 Bb4 20. Bf5 h6 21. Bxf6 gxf6 22. Qh5 Bf8 23. e6 fxe6 24. Qg6+ Bg7 25. Bxe6+ Kh8 26. Bf5 1-0

[Event "HUN-chT2 Erkel 1011"]
[Site "Hungary"]
[Date "2010.11.21"]
[Round "6.4"]
[White "Pal, Imre"]
[Black "Bauer, Peter2222"]
[Result "1-0"]
[WhiteElo "2136"]
[BlackElo "2148"]
[PlyCount "47"]
[EventDate "2010.09.12"]
[EventType "team-tourn"]
[EventRounds "11"]
[EventCountry "HUN"]
[SourceTitle "EXT 2012"]
[Source "ChessBase"]
[SourceDate "2011.11.24"]
[SourceVersion "1"]
[SourceVersionDate "2011.11.24"]
[SourceQuality "1"]
[WhiteTeam "Toth Laszlo"]
[BlackTeam "Vaci"]
[WhiteTeamCountry "HUN"]
[BlackTeamCountry "HUN"]

1. e4 e6 2. d4 d5 3. Nc3 Nf6 4. e5 Nfd7 5. f4 a6 6. Nf3 c5 7. Ne2 Nc6 8. c3 b5 9. g3 Qb6 10. Bh3 g6 11. 0-0 b4 12. Be3 a5 13. Qd2 Ba6 14. Rfd1 Bxe2 15. Qxe2 c4 16. Ng5 Nd8 17. g4 h5 18. f5 hxg4 19. fxe6 Nxe6 20. Bxg4 Be7 21. Nxf7 Kxf7 22. Qf3+ Kg7 23. Qxd5 Ndf8 24. Rf1 1-0

[Event "HUN-chT2 Toth 0809"]
[Site "Hungary"]
[Date "2008.10.26"]
[Round "1.9"]
[White "Pal, Imre"]
[Black "Olah, Gabor Mihaly"]
[Result "1-0"]
[WhiteElo "2159"]
[BlackElo "1913"]
[PlyCount "109"]
[EventDate "2008.10.26"]
[EventType "team-tourn"]
[EventRounds "11"]
[EventCountry "HUN"]
[SourceTitle "EXT 2010"]
[Source "ChessBase"]
[SourceDate "2010.11.25"]
[SourceVersion "1"]
[SourceVersionDate "2010.11.25"]
[SourceQuality "1"]
[WhiteTeam "Toth Laszlo"]
[BlackTeam "Bekes"]
[WhiteTeamCountry "HUN"]
[BlackTeamCountry "HUN"]

1. e4 c5 2. Nf3 d6 3. d4 cxd4 4. Nxd4 Nf6 5. Nc3 a6 6. f4 e6 7. Qf3 Qb6 8. Nb3 Nc6 9. Be3 Qc7 10. g4 h6 11. 0-0-0 Rb8 12. Bd3 b5 13. Kb1 Bb7 14. Nd4 Nxd4 15. Bxd4 b4 16. Ne2 d5 17. Bxf6 gxf6 18. exd5 Bxd5 19. Be4 Bxe4 20. Qxe4 Qb7 21. Ng3 Qxe4 22. Nxe4 Be7 23. Nd6+ Kf8 24. Ne4 Rb7 25. h3 Kg7 26. Nd6 Rb6 27. Nc4 Rc6 28. b3 Rd8 29. Kb2 Rcc8 30. c3 Kf8 31. Kc2 Ke8 32. Rhf1 a5 33. Rxd8+ Kxd8 34. Rd1+ Ke8 35. Kb2 a4 36. cxb4 Bxb4 37. Nd6+ Bxd6 38. Rxd6 axb3 39. axb3 Rd8 40. Rxd8+ Kxd8 41. Kc3 e5 42. Kd3 Kd7 43. Ke4 Kd6 44. b4 Kc6 45. fxe5 Kb5 46. exf6 Kxb4 47. h4 Kc5 48. g5 hxg5 49. h5 Kd6 50. h6 Ke6 51. h7 Kxf6 52. h8Q+ Kg6 53. Qe8 Kh5 54. Kf5 Kh4 55. Qe3 1-0

[Event "Gyongyos Matra Cup"]
[Site "Gyongyos"]
[Date "2003.07.22"]
[Round "1"]
[White "Pal, Imre"]
[Black "Vajda, Albert I"]
[Result "0-1"]
[WhiteElo "2208"]
[BlackElo "2092"]
[PlyCount "64"]
[EventDate "2003.07.22"]
[EventType "swiss"]
[EventRounds "9"]
[EventCountry "HUN"]
[SourceTitle "EXT 2005"]
[Source "ChessBase"]
[SourceDate "2004.11.15"]
[SourceVersion "1"]
[SourceVersionDate "2004.11.15"]
[SourceQuality "1"]

1. Nf3 Nf6 2. e3 c5 3. d4 cxd4 4. exd4 e6 5. Be2 d5 6. 0-0 Bd6 7. Bg5 Nbd7 8. c3 Qc7 9. Bb5 Ne4 10. Bh4 0-0 11. Nbd2 f5 12. Bxd7 Bxd7 13. Ng5 Nxg5 14. Bxg5 h6 15. Bh4 g5 16. Qh5 Rf6 17. Bxg5 Be8 18. Qh4 hxg5 19. Qxg5+ Rg6 20. Qh4 Qg7 21. f4 Rg4 22. Qh3 Bb5 23. Rf2 Kf7 24. Qe3 Bxf4 25. Rxf4 Rxg2+ 26. Kh1 Re2 27. Qf3 Rh8 28. Nf1 Qg5 29. a4 Bd3 30. Qg3 Qxg3 31. Nxg3 Rhxh2+ 32. Kg1 Reg2# 0-1

[Event "HUN-chT3 0001"]
[Site "Hungary"]
[Date "2000.12.17"]
[Round "5.2"]
[White "Pal, Imre"]
[Black "Juhasz, Laszlo"]
[Result "1/2-1/2"]
[WhiteElo "2211"]
[BlackElo "2209"]
[PlyCount "22"]
[EventDate "2000.10.29"]
[EventType "team"]
[EventRounds "11"]
[EventCountry "HUN"]
[SourceTitle "EXT 2007"]
[Source "ChessBase"]
[SourceDate "2006.11.23"]
[SourceVersion "1"]
[SourceVersionDate "2006.11.23"]
[SourceQuality "1"]

1. e4 c6 2. d4 d5 3. exd5 cxd5 4. c4 Nf6 5. Nc3 e6 6. Nf3 Be7 7. c5 0-0 8. Bg5 b6 9. b4 Ne4 10. Bxe7 Qxe7 11. Qc2 Nc6 1/2-1/2

[Event "Schwanstetten op"]
[Site "Schwanstetten"]
[Date "1994.??.??"]
[Round "?"]
[White "Pal, Imre"]
[Black "Roeberg, Frank"]
[Result "0-1"]
[WhiteElo "2230"]
[BlackElo "2310"]
[PlyCount "45"]
[EventDate "1994.??.??"]
[EventType "swiss"]
[EventRounds "9"]
[EventCountry "GER"]
[SourceTitle "EXT 2004"]
[Source "ChessBase"]
[SourceDate "2003.11.25"]
[SourceVersion "1"]
[SourceVersionDate "2003.11.25"]
[SourceQuality "1"]

1. e4 e5 2. Nf3 Nc6 3. d4 exd4 4. Nxd4 Nf6 5. Nxc6 bxc6 6. e5 Qe7 7. Qe2 Nd5 8. c4 Nb6 9. b3 Qe6 10. Bb2 Bb4+ 11. Nd2 0-0 12. 0-0-0 d5 13. exd6 Qxd6 14. Qe5 Qh6 15. g3 Bg4 16. Bg2 Rad8 17. f4 Rfe8 18. Nf3 Rxd1+ 19. Rxd1 Rxe5 20. Rd8+ Bf8 21. Nxe5 Qxh2 22. Be4 Qxg3 23. Ba3 0-1

[Event "Schwanstetten op"]
[Site "Schwanstetten"]
[Date "1994.??.??"]
[Round "?"]
[White "Schmidt, Peter"]
[Black "Pal, Imre"]
[Result "1-0"]
[WhiteElo "2395"]
[BlackElo "2230"]
[PlyCount "65"]
[EventDate "1994.??.??"]
[EventType "swiss"]
[EventRounds "9"]
[EventCountry "GER"]
[SourceTitle "EXT 2004"]
[Source "ChessBase"]
[SourceDate "2003.11.25"]
[SourceVersion "1"]
[SourceVersionDate "2003.11.25"]
[SourceQuality "1"]

1. d4 Nf6 2. Nf3 e6 3. g3 d5 4. Bg2 b6 5. 0-0 Bb7 6. c4 c6 7. Nc3 Nbd7 8. b3 Be7 9. Qc2 0-0 10. Rd1 Rc8 11. e4 Nxe4 12. Nxe4 dxe4 13. Qxe4 Nf6 14. Qc2 Rc7 15. Bf4 Rd7 16. Ne5 Rxd4 17. Nxc6 Bxc6 18. Bxc6 Rxd1+ 19. Rxd1 Qc8 20. Bf3 Rd8 21. Rxd8+ Qxd8 22. Qc3 Nd7 23. b4 e5 24. Be3 Qc7 25. a3 f5 26. c5 e4 27. Qc4+ Kh8 28. Bd1 Ne5 29. Qe6 bxc5 30. bxc5 Qd8 31. Bb3 Nf3+ 32. Kh1 g6 33. c6 1-0